[Event "Guelph int U2000"]
[Site "Guelph CAN"]
[Date "2005.07.29"]
[Round "4"]
[White "Finlay, Ian"]
[Black "Dutton, Mark"]
[Result "1/2-1/2"]
[WhiteElo "1816"]
[BlackElo "1887"]
[PlyCount "66"]
[GameId "2160767910900854"]
[EventDate "2005.07.28"]
[EventType "swiss"]
[EventRounds "9"]
[EventCountry "CAN"]

1. Nf3 d5 2. g3 Nf6 3. Bg2 g6 4. d3 Bg7 5. Nbd2 O-O 6. O-O c5 7. e4 Nc6 8. Re1 e6 9. h4 h5 10. c3 d4 11. e5 Ng4 12. Nc4 dxc3 13. bxc3 Qc7 14. Qe2 b6 15. Nh2 Nxh2 16. Kxh2 Ba6 17. Qe4 Bxc4 18. Qxc6 Qxc6 19. Bxc6 Rac8 20. dxc4 Rxc6 21. Bg5 f6 22. exf6 Bxf6 23. Bxf6 Rxf6 24. f4 Rd6 25. Rad1 Rxd1 26. Rxd1 Rf7 27. Kg2 Kg7 28. Rd6 Re7 29. Kf3 Kf6 30. Ke4 Rc7 31. Rd8 Ke7 32. Rg8 Kf6 33. Rf8+ Ke7 1/2-1/2

[Event "Guelph int U2000"]
[Site "Guelph CAN"]
[Date "2005.07.30"]
[Round "5"]
[White "Dutton, Mark"]
[Black "Clarke, Brian"]
[Result "1-0"]
[WhiteElo "1887"]
[BlackElo "1672"]
[PlyCount "51"]
[GameId "2160767910900855"]
[EventDate "2005.07.28"]
[EventType "swiss"]
[EventRounds "9"]
[EventCountry "CAN"]

1. Nf3 d5 2. g3 Nf6 3. Bg2 e6 4. O-O Be7 5. d4 O-O 6. b3 b6 7. Bb2 Bb7 8. Nbd2 Nbd7 9. c4 c6 10. h3 h6 11. Ne5 Rb8 12. Rc1 Bd6 13. cxd5 cxd5 14. Nc6 Bxc6 15. Rxc6 Rc8 16. Rxd6 Qc7 17. Ba3 Rfd8 18. e4 Ne8 19. Rxd7 Rxd7 20. exd5 exd5 21. h4 f5 22. Qh5 Nf6 23. Qxf5 Qc2 24. Qe6+ Kh8 25. Rc1 Rc6 26. Qxc6 1-0

[Event "Guelph int U2000"]
[Site "Guelph CAN"]
[Date "2005.07.30"]
[Round "6"]
[White "Dutton, Mark"]
[Black "McDonald, Justin"]
[Result "1/2-1/2"]
[WhiteElo "1887"]
[BlackElo "1899"]
[PlyCount "52"]
[GameId "2160767910900856"]
[EventDate "2005.07.28"]
[EventType "swiss"]
[EventRounds "9"]
[EventCountry "CAN"]

1. Nf3 Nf6 2. g3 g6 3. Bg2 Bg7 4. O-O d6 5. d4 O-O 6. c4 Nbd7 7. Nc3 c5 8. d5 Ng4 9. e4 Nge5 10. Nxe5 Nxe5 11. Qe2 a6 12. a4 Qa5 13. Nd1 Bd7 14. Bd2 Qc7 15. Ne3 b5 16. axb5 axb5 17. Rxa8 Rxa8 18. b3 bxc4 19. bxc4 Bc8 20. f4 Nd7 21. f5 Ne5 22. fxg6 hxg6 23. Bc3 Ra3 24. Bxe5 Bxe5 25. Ng4 Bxg4 26. Qxg4 Bd4+ 1/2-1/2

[Event "Guelph op"]
[Site "Guelph CAN"]
[Date "2005.07.28"]
[Round "1"]
[White "Aronov, Yuri"]
[Black "Kunte, Abhijit"]
[Result "0-1"]
[WhiteElo "2220"]
[BlackElo "2561"]
[PlyCount "94"]
[GameId "2160767910900857"]
[EventDate "2005.07.28"]
[EventType "swiss"]
[EventRounds "9"]
[EventCountry "CAN"]
[SourceTitle "CBM 107 Extra"]
[Source "ChessBase"]
[SourceDate "2005.09.01"]
[SourceVersion "1"]
[SourceVersionDate "2005.09.01"]
[SourceQuality "1"]

1. d4 Nf6 2. c4 e6 3. Nf3 b6 4. g3 Ba6 5. b3 Bb4+ 6. Bd2 Be7 7. Bg2 c6 8. Bc3 d5 9. Nbd2 Nbd7 10. O-O O-O 11. e4 b5 12. Re1 dxe4 13. Ng5 bxc4 14. Nxc4 Bxc4 15. bxc4 Nb6 16. Ba5 Qc8 17. c5 Nbd5 18. Nxe4 Rb8 19. Qd2 Nxe4 20. Bxe4 Bf6 21. Rab1 Qd7 22. Red1 Ne7 23. Qf4 Rxb1 24. Bxb1 Nd5 25. Qd2 Rb8 26. Be4 Ne7 27. Qd3 g6 28. Qd2 Bg7 29. h4 h5 30. Bc3 Nd5 31. Ba5 Rb5 32. Bd3 Rb7 33. Be4 Ne7 34. Bc3 Nd5 35. Ba5 Rb8 36. Qe2 Rb5 37. Be1 Qb7 38. Bxd5 exd5 39. Qe8+ Kh7 40. Bc3 Rb1 41. Qe1 Rxd1 42. Qxd1 Qa6 43. Qd2 Bf6 44. Kg2 Kg7 45. Kg1 Qb5 46. Kg2 Qb1 47. Ba5 Qe4+ 0-1

[Event "Guelph op"]
[Site "Guelph CAN"]
[Date "2005.07.28"]
[Round "1"]
[White "Cazelais, Marc"]
[Black "Burnett, Ronald"]
[Result "0-1"]
[WhiteElo "2203"]
[BlackElo "2433"]
[PlyCount "102"]
[GameId "2160767910900858"]
[EventDate "2005.07.28"]
[EventType "swiss"]
[EventRounds "9"]
[EventCountry "CAN"]
[SourceTitle "CBM 107 Extra"]
[Source "ChessBase"]
[SourceDate "2005.09.01"]
[SourceVersion "1"]
[SourceVersionDate "2005.09.01"]
[SourceQuality "1"]

1. e4 g6 2. d4 d6 3. Nc3 Bg7 4. Nf3 Nf6 5. h3 O-O 6. Be3 a6 7. a4 b6 8. Bc4 e6 9. e5 Nfd7 10. Bf4 d5 11. Bb3 c5 12. Ne2 Nc6 13. c3 a5 14. O-O Ba6 15. Re1 Qc7 16. Qd2 Bxe2 17. Rxe2 cxd4 18. cxd4 Qb7 19. Rc1 Nb4 20. Re3 b5 21. Rec3 Qa6 22. Bh6 bxa4 23. Bxg7 Kxg7 24. Bxa4 Nb6 25. b3 Rac8 26. Qf4 Nxa4 27. Qf6+ Kg8 28. bxa4 Rc4 29. Ng5 h6 30. Nf3 Qc8 31. Rxc4 dxc4 32. Nd2 c3 33. Ne4 c2 34. Qf4 Kg7 35. Nc5 Qc6 36. h4 Qd5 37. Kh2 Rc8 38. h5 f5 39. exf6+ Kf7 40. hxg6+ Kxg6 41. f7 Rf8 42. Qg4+ Kh7 43. Nxe6 Rxf7 44. Nf4 Qg5 45. Qxg5 hxg5 46. Ne6 Rxf2 47. Nxg5+ Kg6 48. Nf3 Na2 49. Ne5+ Kg7 50. Kg3 Re2 51. Kf3 Nxc1 0-1

[Event "Guelph op"]
[Site "Guelph CAN"]
[Date "2005.07.28"]
[Round "1"]
[White "Divljan, Igor"]
[Black "Kret, Ted"]
[Result "1-0"]
[WhiteElo "2313"]
[BlackElo "2151"]
[PlyCount "91"]
[GameId "2160767910900859"]
[EventDate "2005.07.28"]
[EventType "swiss"]
[EventRounds "9"]
[EventCountry "CAN"]
[SourceTitle "CBM 107 Extra"]
[Source "ChessBase"]
[SourceDate "2005.09.01"]
[SourceVersion "1"]
[SourceVersionDate "2005.09.01"]
[SourceQuality "1"]

1. d4 Nf6 2. c4 g6 3. Nc3 Bg7 4. e4 d6 5. Be2 O-O 6. Bg5 c5 7. d5 Qa5 8. Bd2 e6 9. Nf3 exd5 10. exd5 a6 11. h3 Qc7 12. a4 Re8 13. O-O Nbd7 14. Bd3 b6 15. Qc2 Bb7 16. Rab1 Re7 17. Rfe1 Rae8 18. Rxe7 Rxe7 19. Nh4 Bc8 20. f4 Qd8 21. Nf3 Ne8 22. Ne2 Nc7 23. Bc3 Nf6 24. Ng3 h5 25. f5 h4 26. Nxh4 Re3 27. Nf3 b5 28. b3 b4 29. Bd2 Rxf3 30. gxf3 Nh5 31. Nxh5 Bd4+ 32. Kh2 gxh5 33. Bf4 Qh4 34. Qg2+ Kh8 35. Bxd6 Ne8 36. Bg3 Qg5 37. Re1 Ng7 38. h4 Qf6 39. Qe2 Bxf5 40. Bxf5 Qxf5 41. Qe4 Qf6 42. d6 Kg8 43. d7 Ne6 44. Qd5 Qd8 45. Rxe6 fxe6 46. Qg5+ 1-0

[Event "Guelph op"]
[Site "Guelph CAN"]
[Date "2005.07.28"]
[Round "1"]
[White "Dougherty, Michael"]
[Black "Kogan, Artur"]
[Result "0-1"]
[WhiteElo "2233"]
[BlackElo "2580"]
[PlyCount "94"]
[GameId "2160767910900860"]
[EventDate "2005.07.28"]
[EventType "swiss"]
[EventRounds "9"]
[EventCountry "CAN"]
[SourceTitle "CBM 107 Extra"]
[Source "ChessBase"]
[SourceDate "2005.09.01"]
[SourceVersion "1"]
[SourceVersionDate "2005.09.01"]
[SourceQuality "1"]

1. d4 Nf6 2. Nf3 c5 3. c3 b6 4. Bg5 Bb7 5. Nbd2 d6 6. e3 Nbd7 7. Bc4 h6 8. Bh4 e6 9. a4 a6 10. Qe2 Qc7 11. O-O g5 12. Bg3 Nh5 13. Rfd1 Bg7 14. b4 Nxg3 15. hxg3 d5 16. Bb3 c4 17. Bc2 f5 18. g4 fxg4 19. Nh2 h5 20. e4 O-O-O 21. Nhf1 Rdf8 22. e5 Rf4 23. g3 Rf7 24. Bg6 Rff8 25. Nh2 Rh6 26. Bb1 Kb8 27. Ra2 Qd8 28. Ndf1 Rfh8 29. Re1 Bf8 30. Qe3 Be7 31. Qe2 Nf8 32. Qe3 Bc8 33. Qe2 Bd7 34. a5 b5 35. Qe3 Qe8 36. Qe2 Qf7 37. Qe3 Qg7 38. Qe2 Be8 39. Qe3 Ng6 40. Rb2 Bd8 41. Qe2 Rf8 42. Qe3 Nf4 43. gxf4 gxf4 44. Qe2 f3 45. Qd1 h4 46. Re3 Bh5 47. Qe1 Bg5 0-1

[Event "Guelph op"]
[Site "Guelph CAN"]
[Date "2005.07.28"]
[Round "1"]
[White "Ganguly, Surya Shekhar"]
[Black "Predescu, Sebastian"]
[Result "1-0"]
[WhiteElo "2596"]
[BlackElo "2235"]
[PlyCount "93"]
[GameId "2160767910900861"]
[EventDate "2005.07.28"]
[EventType "swiss"]
[EventRounds "9"]
[EventCountry "CAN"]
[SourceTitle "CBM 107 Extra"]
[Source "ChessBase"]
[SourceDate "2005.09.01"]
[SourceVersion "1"]
[SourceVersionDate "2005.09.01"]
[SourceQuality "1"]

1. e4 c5 2. Nf3 d6 3. d4 cxd4 4. Nxd4 Nf6 5. Nc3 a6 6. Be2 e5 7. Nb3 Be7 8. Bg5 Be6 9. Bxf6 Bxf6 10. Qd3 Nc6 11. O-O-O Nd4 12. Nxd4 exd4 13. Nd5 Bxd5 14. exd5 O-O 15. Qf3 d3 16. Bxd3 Qb6 17. c3 Be5 18. g4 Rfc8 19. Rd2 a5 20. h4 a4 21. a3 Qb3 22. Rc2 Rc5 23. Qe4 g6 24. f4 Bg7 25. h5 Qxd5 26. Qxd5 Rxd5 27. Be4 Rb5 28. Rd2 gxh5 29. Rxh5 Rxh5 30. gxh5 Bh6 31. Bxb7 Ra7 32. Rg2+ Kf8 33. Bc6 Ra6 34. Be4 Bxf4+ 35. Kb1 h6 36. Rg4 Be5 37. Bc2 Ke7 38. Rxa4 Rb6 39. Ka2 Kf6 40. Rg4 d5 41. a4 Bc7 42. Rg2 Ke5 43. Re2+ Kd6 44. b4 Rb8 45. Rd2 Rg8 46. c4 Rg5 47. a5 1-0

[Event "Guelph op"]
[Site "Guelph CAN"]
[Date "2005.07.28"]
[Round "1"]
[White "Matveeva, Svetlana"]
[Black "Plotkin, Victor"]
[Result "1-0"]
[WhiteElo "2419"]
[BlackElo "2192"]
[PlyCount "83"]
[GameId "2160767910900864"]
[EventDate "2005.07.28"]
[EventType "swiss"]
[EventRounds "9"]
[EventCountry "CAN"]
[SourceTitle "CBM 107 Extra"]
[Source "ChessBase"]
[SourceDate "2005.09.01"]
[SourceVersion "1"]
[SourceVersionDate "2005.09.01"]
[SourceQuality "1"]

1. d4 d5 2. c4 dxc4 3. Nf3 Nf6 4. e3 e6 5. Bxc4 c5 6. O-O a6 7. Bb3 cxd4 8. exd4 Be7 9. Nc3 Nc6 10. Re1 O-O 11. a3 b5 12. d5 exd5 13. Nxd5 Nxd5 14. Bxd5 Bb7 15. Ne5 Nxe5 16. Bxb7 Ra7 17. Be4 Qxd1 18. Rxd1 Nc4 19. b3 Bf6 20. Rb1 Ne5 21. Be3 Rc7 22. h3 Re8 23. Rd6 a5 24. Ra6 a4 25. bxa4 bxa4 26. Rxa4 Rc4 27. Ra8 Rxa8 28. Bxa8 Kf8 29. Bd5 Rc3 30. a4 Ke7 31. a5 Kd6 32. Rd1 Ra3 33. a6 Nc6 34. Bxf7+ Kc7 35. Bc4 Be5 36. Rc1 Nd4 37. Bf1+ Kb8 38. Rc5 Bf6 39. Rc4 Ne6 40. Rb4+ Kc8 41. a7 Kc7 42. g3 1-0

[Event "Guelph op"]
[Site "Guelph CAN"]
[Date "2005.07.28"]
[Round "1"]
[White "Ochkoos, Jura"]
[Black "Kulic, Sasa"]
[Result "1-0"]
[WhiteElo "2275"]
[BlackElo "2133"]
[PlyCount "87"]
[GameId "2160767910900866"]
[EventDate "2005.07.28"]
[EventType "swiss"]
[EventRounds "9"]
[EventCountry "CAN"]
[SourceTitle "CBM 107 Extra"]
[Source "ChessBase"]
[SourceDate "2005.09.01"]
[SourceVersion "1"]
[SourceVersionDate "2005.09.01"]
[SourceQuality "1"]

1. e4 c5 2. Nf3 Nc6 3. d4 cxd4 4. Nxd4 e6 5. Nc3 Nge7 6. Ndb5 Ng6 7. Nd6+ Bxd6 8. Qxd6 Qe7 9. Qxe7+ Ngxe7 10. Bf4 O-O 11. Bd6 a6 12. a4 f5 13. Bd3 fxe4 14. Bxe4 Rf7 15. O-O Nf5 16. Bxf5 Rxf5 17. Rfd1 Ra7 18. g4 Rg5 19. f3 b6 20. Kf2 Rg6 21. Rd2 Rf6 22. Kg3 Rf7 23. Re1 h6 24. f4 Kh7 25. h4 Na5 26. b3 Nc6 27. h5 g6 28. Rh2 b5 29. hxg6+ Kxg6 30. Reh1 Rh7 31. Rh5 b4 32. Ne4 Bb7 33. f5+ Kg7 34. Kf4 Ra8 35. Nc5 Bc8 36. R1h2 Rh8 37. Nd3 a5 38. Ne5 Rh7 39. g5 exf5 40. g6 Nxe5 41. gxh7 Ng4 42. Rxh6 Nxh6 43. Rxh6 Bb7 44. Rh2 1-0

[Event "Guelph op"]
[Site "Guelph CAN"]
[Date "2005.07.28"]
[Round "1"]
[White "Peng, David Yu"]
[Black "Mikanovic, Goran"]
[Result "1/2-1/2"]
[WhiteElo "2136"]
[BlackElo "2282"]
[PlyCount "189"]
[GameId "2160767910900867"]
[EventDate "2005.07.28"]
[EventType "swiss"]
[EventRounds "9"]
[EventCountry "CAN"]
[SourceTitle "CBM 107 Extra"]
[Source "ChessBase"]
[SourceDate "2005.09.01"]
[SourceVersion "1"]
[SourceVersionDate "2005.09.01"]
[SourceQuality "1"]

1. e4 c5 2. Nf3 e6 3. d4 cxd4 4. Nxd4 Nc6 5. Nc3 Qc7 6. g3 a6 7. Bg2 Nge7 8. Be3 Nxd4 9. Qxd4 Nc6 10. Qb6 Qb8 11. O-O Be7 12. Na4 O-O 13. c4 Bd8 14. Qb3 b5 15. cxb5 axb5 16. Nc5 d6 17. Nd3 Ra4 18. Qc2 Bb7 19. b3 Ra6 20. a4 Bf6 21. Rab1 Ba8 22. Rfd1 Bd4 23. Bxd4 Nxd4 24. Qb2 e5 25. Nb4 Ra7 26. Nc2 bxa4 27. Nxd4 exd4 28. Rxd4 axb3 29. Rd3 Re7 30. Rxb3 Qc7 31. Rb8 Ree8 32. Rb4 Re5 33. Rb8 Rfe8 34. Qb5 Kf8 35. Qb4 Rxb8 36. Qxb8+ Qxb8 37. Rxb8+ Re8 38. Rxe8+ Kxe8 39. Kf1 Ke7 40. Ke2 Bc6 41. Ke3 h6 42. Bf1 Bd7 43. Bc4 Ba4 44. f4 Bc2 45. Bd3 Ba4 46. Bc4 f6 47. Kd4 Bd1 48. Ke3 g5 49. h3 Bh5 50. Bd5 Be8 51. Kf3 Bd7 52. g4 Ba4 53. Kg3 Bd1 54. Bc4 Kd7 55. fxg5 fxg5 56. Kf2 Kc6 57. Ke3 Kc5 58. Bd3 Ba4 59. Bf1 Be8 60. Bg2 Bg6 61. Kd3 Be8 62. Ke3 Bb5 63. h4 gxh4 64. Kf4 Kd4 65. g5 hxg5+ 66. Kxg5 Bd3 67. Kxh4 Bxe4 68. Bh3 Ke3 69. Be6 Kf4 70. Bf7 Bf5 71. Be8 Bd7 72. Bf7 Bc6 73. Bg8 Ke4 74. Kg3 Bd5 75. Bh7+ Ke3 76. Bf5 Bf7 77. Bc2 Be6 78. Bb1 Bb3 79. Bg6 Bd5 80. Bh7 Be6 81. Bb1 Bf7 82. Bc2 Kd2 83. Be4 Ke3 84. Bc2 Bg8 85. Bb1 Bc4 86. Bg6 Kd2 87. Kf4 Kc3 88. Be4 Kd4 89. Bg6 Kc3 90. Be4 Bd3 91. Bg2 Kd4 92. Bc6 Bc4 93. Be8 Bd5 94. Bd7 Bb7 95. Be6 1/2-1/2

[Event "Guelph op"]
[Site "Guelph CAN"]
[Date "2005.07.28"]
[Round "2"]
[White "Buscar, Michael"]
[Black "Matveeva, Svetlana"]
[Result "0-1"]
[WhiteElo "2101"]
[BlackElo "2419"]
[PlyCount "89"]
[GameId "2160767910900875"]
[EventDate "2005.07.28"]
[EventType "swiss"]
[EventRounds "9"]
[EventCountry "CAN"]
[SourceTitle "CBM 107 Extra"]
[Source "ChessBase"]
[SourceDate "2005.09.01"]
[SourceVersion "1"]
[SourceVersionDate "2005.09.01"]
[SourceQuality "1"]

1. d4 Nf6 2. c4 g6 3. Nc3 d5 4. cxd5 Nxd5 5. e4 Nxc3 6. bxc3 Bg7 7. Bc4 c5 8. Nf3 O-O 9. O-O Nc6 10. Be3 cxd4 11. cxd4 Bg4 12. d5 Ne5 13. Rc1 Nxc4 14. Rxc4 b5 15. Rc5 f5 16. e5 Bxe5 17. Rxb5 Rb8 18. Rxb8 Qxb8 19. h3 Bxf3 20. Qxf3 Rc8 21. Qe2 Qd6 22. Bxa7 Ra8 23. Qe3 Qxd5 24. a4 Bd6 25. Re1 Qe5 26. Bd4 Qh2+ 27. Kf1 Qh1+ 28. Ke2 Qxg2 29. Qe6+ Kf8 30. Rc1 Qxh3 31. Rc8+ Rxc8 32. Qxc8+ Kf7 33. a5 Qg4+ 34. Kd3 Qd1+ 35. Kc4 Qa4+ 36. Kd3 Qxa5 37. Qh8 Qb5+ 38. Ke3 f4+ 39. Kd2 Qa5+ 40. Kc1 Qh5 41. Qg7+ Ke6 42. Qg8+ Kd7 43. Qa8 Qb5 44. Qh8 g5 45. Kd1 0-1

[Event "Guelph op"]
[Site "Guelph CAN"]
[Date "2005.07.28"]
[Round "2"]
[White "Filipovich, David"]
[Black "Kulic, Sasa"]
[Result "1/2-1/2"]
[WhiteElo "2218"]
[BlackElo "2133"]
[PlyCount "106"]
[GameId "2160767910900876"]
[EventDate "2005.07.28"]
[EventType "swiss"]
[EventRounds "9"]
[EventCountry "CAN"]
[SourceTitle "CBM 107 Extra"]
[Source "ChessBase"]
[SourceDate "2005.09.01"]
[SourceVersion "1"]
[SourceVersionDate "2005.09.01"]
[SourceQuality "1"]

1. Nf3 Nf6 2. d4 g6 3. c3 Bg7 4. Bg5 d5 5. Nbd2 O-O 6. e3 c6 7. Be2 Nbd7 8. O-O Re8 9. b4 e5 10. Nb3 Qc7 11. Bxf6 Bxf6 12. a4 Qd6 13. Re1 Bd8 14. Nc5 e4 15. Nd2 Bc7 16. Nf1 f5 17. Nxd7 Bxd7 18. f3 exf3 19. Bxf3 Re7 20. a5 Rae8 21. Qd2 Kh8 22. Qf2 Qf6 23. b5 Bc8 24. Be2 Qd6 25. Bd3 c5 26. Qg3 Qd8 27. Qh4 c4 28. Be2 Bxa5 29. Rec1 Kg7 30. Bf3 Bb6 31. Rc2 Qd7 32. Rb1 Re6 33. h3 Bd8 34. Qf2 Bg5 35. Re2 Rb6 36. Reb2 Rbe6 37. Re2 R8e7 38. h4 Bh6 39. g4 Kh8 40. g5 Bg7 41. Qg2 Rd6 42. Ng3 Qd8 43. h5 Be6 44. hxg6 hxg6 45. Kf2 Kg8 46. Ra2 a5 47. bxa6 bxa6 48. Ne2 Bf7 49. Nf4 Red7 50. Rh1 Rb7 51. Rha1 Rb3 52. Ne2 Qb6 53. Rxa6 Qd8 1/2-1/2

[Event "Guelph op"]
[Site "Guelph CAN"]
[Date "2005.07.28"]
[Round "2"]
[White "Hamilton, Robert"]
[Black "Ganguly, Surya Shekhar"]
[Result "1-0"]
[WhiteElo "2341"]
[BlackElo "2596"]
[PlyCount "81"]
[GameId "2160767910900878"]
[EventDate "2005.07.28"]
[EventType "swiss"]
[EventRounds "9"]
[EventCountry "CAN"]
[SourceTitle "CBM 107 Extra"]
[Source "ChessBase"]
[SourceDate "2005.09.01"]
[SourceVersion "1"]
[SourceVersionDate "2005.09.01"]
[SourceQuality "1"]

1. e4 e5 2. Nf3 Nc6 3. d4 exd4 4. Bc4 Nf6 5. e5 d5 6. Bb5 Ne4 7. Nxd4 Bd7 8. Bxc6 bxc6 9. O-O Bc5 10. Be3 Qe7 11. f3 Nd6 12. Bf2 Nc4 13. b3 Na3 14. Nc3 O-O 15. Re1 Qg5 16. g3 Bb4 17. Na4 Be7 18. Ne2 Rfe8 19. Nf4 Bf8 20. Nd3 Bf5 21. Nac5 h5 22. Rc1 Rad8 23. c3 Nc4 24. Nb4 Na5 25. Qd4 Rb8 26. Rcd1 Rb5 27. Nbd3 Bc8 28. Na4 a6 29. c4 dxc4 30. bxc4 Rb8 31. Nac5 Qf5 32. Qc3 Qxf3 33. Qxa5 Rd8 34. e6 Bxc5 35. exf7+ Qxf7 36. Qxc5 Rf8 37. Rd2 Qf3 38. Ne5 Qc3 39. Rde2 Bh3 40. Nxc6 Rb2 41. Qd5+ 1-0

[Event "Guelph op"]
[Site "Guelph CAN"]
[Date "2005.07.28"]
[Round "2"]
[White "Kogan, Artur"]
[Black "Divljan, Igor"]
[Result "1/2-1/2"]
[WhiteElo "2580"]
[BlackElo "2313"]
[PlyCount "104"]
[GameId "2160767910900881"]
[EventDate "2005.07.28"]
[EventType "swiss"]
[EventRounds "9"]
[EventCountry "CAN"]
[SourceTitle "CBM 107 Extra"]
[Source "ChessBase"]
[SourceDate "2005.09.01"]
[SourceVersion "1"]
[SourceVersionDate "2005.09.01"]
[SourceQuality "1"]

1. e4 c5 2. Nf3 e6 3. Nc3 Nc6 4. Bb5 Nge7 5. O-O a6 6. Bxc6 Nxc6 7. d4 cxd4 8. Nxd4 Qc7 9. Nxc6 Qxc6 10. Re1 Bb4 11. Qd4 Bxc3 12. bxc3 O-O 13. Ba3 Re8 14. Bd6 b5 15. Re3 f6 16. e5 Qc4 17. Qd1 f5 18. Qh5 Bb7 19. Rg3 Qf4 20. Rd1 g6 21. Qe2 Rac8 22. Ba3 Bd5 23. Rd4 Qh6 24. Rh3 Qg5 25. Rg3 Qh6 26. Qd1 Qg7 27. h4 Qxe5 28. Re3 Qf6 29. Qe1 Qf7 30. Bd6 h6 31. Bf4 Kh7 32. Qd2 Rc4 33. Rxc4 bxc4 34. Rg3 e5 35. Re3 exf4 36. Rxe8 Qxe8 37. Qxd5 Qe6 38. Qd4 g5 39. Kh2 Kg8 40. a4 Kh7 41. a5 Kg8 42. Qb6 Kh7 43. Qc7 Kg6 44. Qb8 Kh5 45. hxg5 hxg5 46. Qh8+ Kg6 47. Qd4 Kh7 48. Kg1 Qe1+ 49. Kh2 Qe6 50. Kg1 Qe1+ 51. Kh2 Qe6 52. f3 Kg6 1/2-1/2

[Event "Guelph op"]
[Site "Guelph CAN"]
[Date "2005.07.28"]
[Round "2"]
[White "Kret, Ted"]
[Black "Aronov, Yuri"]
[Result "0-1"]
[WhiteElo "2151"]
[BlackElo "2220"]
[PlyCount "78"]
[GameId "2160767910900882"]
[EventDate "2005.07.28"]
[EventType "swiss"]
[EventRounds "9"]
[EventCountry "CAN"]
[SourceTitle "CBM 107 Extra"]
[Source "ChessBase"]
[SourceDate "2005.09.01"]
[SourceVersion "1"]
[SourceVersionDate "2005.09.01"]
[SourceQuality "1"]

1. Nf3 Nf6 2. d4 g6 3. c4 Bg7 4. Nc3 O-O 5. e4 d6 6. Be2 e5 7. O-O Nc6 8. d5 Ne7 9. b4 a5 10. bxa5 Rxa5 11. Nd2 c5 12. a4 Nd7 13. Ra3 f5 14. Nb3 Ra6 15. Bd2 Kh8 16. Kh1 Nf6 17. f3 Nh5 18. Nb5 f4 19. Be1 g5 20. Nd2 Rf6 21. Rd3 Rh6 22. Kg1 Ng6 23. Nb3 Nh4 24. Bf2 Qd7 25. Nxd6 Raxd6 26. Nxc5 Qf7 27. a5 Nf6 28. g3 fxg3 29. hxg3 Ng6 30. g4 Nf4 31. Rb3 Nh3+ 32. Kg2 Nxf2 33. Rxf2 Nxg4 34. Qg1 Rh2+ 35. Qxh2 Nxh2 36. Kxh2 Qf4+ 37. Kg1 Bh3 38. Nd3 Qg3+ 39. Kh1 Rh6 0-1

[Event "Guelph op"]
[Site "Guelph CAN"]
[Date "2005.07.28"]
[Round "2"]
[White "Kunte, Abhijit"]
[Black "Ochkoos, Jura"]
[Result "1-0"]
[WhiteElo "2561"]
[BlackElo "2275"]
[PlyCount "63"]
[GameId "2160767910900884"]
[EventDate "2005.07.28"]
[EventType "swiss"]
[EventRounds "9"]
[EventCountry "CAN"]
[SourceTitle "CBM 107 Extra"]
[Source "ChessBase"]
[SourceDate "2005.09.01"]
[SourceVersion "1"]
[SourceVersionDate "2005.09.01"]
[SourceQuality "1"]

1. d4 d5 2. c4 e6 3. Nf3 f5 4. g3 Nf6 5. Bg2 Be7 6. O-O O-O 7. Qc2 c6 8. b3 Na6 9. Bb2 Qe8 10. Nbd2 Qh5 11. Ne5 Nc7 12. Ndf3 Nce8 13. Nd3 g5 14. Nfe5 Nd6 15. f3 Bd7 16. Nc5 Bc8 17. e3 Kh8 18. Rae1 Rg8 19. e4 Rg7 20. Ned3 Nfe8 21. exd5 exd5 22. Re5 Nc7 23. cxd5 Nxd5 24. f4 Qf7 25. Bxd5 cxd5 26. Nb4 b6 27. Nxd5 Bd8 28. fxg5 Bxg5 29. Qe2 f4 30. Ne6 Bxe6 31. Rxe6 Rd8 32. Nxf4 1-0

[Event "Guelph op"]
[Site "Guelph CAN"]
[Date "2005.07.28"]
[Round "2"]
[White "Mikanovic, Goran"]
[Black "Urquhart, Eddie"]
[Result "1-0"]
[WhiteElo "2282"]
[BlackElo "2166"]
[PlyCount "131"]
[GameId "2160767910900885"]
[EventDate "2005.07.28"]
[EventType "swiss"]
[EventRounds "9"]
[EventCountry "CAN"]
[SourceTitle "CBM 107 Extra"]
[Source "ChessBase"]
[SourceDate "2005.09.01"]
[SourceVersion "1"]
[SourceVersionDate "2005.09.01"]
[SourceQuality "1"]

1. d4 Nf6 2. c4 Nc6 3. Nf3 e6 4. Nc3 Bb4 5. Qc2 d6 6. Bg5 h6 7. Bd2 O-O 8. a3 Bxc3 9. Bxc3 Qe7 10. e3 a5 11. b3 e5 12. d5 Nb8 13. Be2 Bg4 14. O-O Nbd7 15. b4 axb4 16. axb4 b5 17. cxb5 Nxd5 18. Rfc1 Nxc3 19. Qxc3 Rxa1 20. Rxa1 Nb6 21. h3 Bxf3 22. Bxf3 f5 23. Ra7 Rc8 24. Rb7 Qd7 25. Be2 Kh8 26. e4 d5 27. exf5 d4 28. Qd3 Qd6 29. Bf3 Nd5 30. g3 Nxb4 31. Qd2 Nd5 32. Ra7 Nb6 33. Be4 Rf8 34. Qa2 Qb4 35. Qe2 Qc3 36. Kg2 Nd7 37. Bc6 Nf6 38. Qxe5 Qb4 39. Qxc7 Rg8 40. b6 d3 41. Bf3 Qd4 42. Ra8 Rxa8 43. Bxa8 d2 44. b7 Qe4+ 45. Kh2 d1=Q 46. b8=Q+ Qe8 47. Qxe8+ Nxe8 48. Qc8 Qe2 49. Kg2 Kh7 50. Qe6 Qxe6 51. fxe6 Kg6 52. Bc6 Nc7 53. e7 Kf7 54. e8=Q+ Nxe8 55. Bxe8+ Kxe8 56. Kf3 Kf7 57. Kf4 Kf6 58. Ke4 Ke6 59. f4 g6 60. g4 Kf6 61. h4 h5 62. gxh5 gxh5 63. f5 Kf7 64. Ke5 Ke7 65. f6+ Kf8 66. Kf5 1-0

[Event "Guelph op"]
[Site "Guelph CAN"]
[Date "2005.07.28"]
[Round "2"]
[White "Predescu, Sebastian"]
[Black "Cazelais, Marc"]
[Result "0-1"]
[WhiteElo "2235"]
[BlackElo "2203"]
[PlyCount "98"]
[GameId "2160767910900889"]
[EventDate "2005.07.28"]
[EventType "swiss"]
[EventRounds "9"]
[EventCountry "CAN"]
[SourceTitle "CBM 107 Extra"]
[Source "ChessBase"]
[SourceDate "2005.09.01"]
[SourceVersion "1"]
[SourceVersionDate "2005.09.01"]
[SourceQuality "1"]

1. e4 c5 2. Nf3 Nc6 3. d4 cxd4 4. Nxd4 Nf6 5. Nc3 e5 6. Ndb5 d6 7. Nd5 Nxd5 8. exd5 Ne7 9. c4 Ng6 10. Bd3 a6 11. Nc3 Be7 12. O-O O-O 13. Be3 f5 14. f3 Bg5 15. Bf2 Bd7 16. b4 Rc8 17. c5 Nf4 18. Bc4 Kh8 19. Ne2 Ng6 20. Qb3 Be7 21. c6 bxc6 22. Bxa6 Rb8 23. Bc4 cxd5 24. Bxd5 Bb5 25. Rfe1 Bxe2 26. Rxe2 Nf4 27. Rd2 Bg5 28. Rdd1 Bh4 29. Be3 Bg5 30. b5 Ne2+ 31. Kf1 Bxe3 32. Qxe3 Nd4 33. Rxd4 exd4 34. Qd3 Qh4 35. h3 Rfe8 36. Bc6 Re3 37. Qd2 Qf4 38. Rd1 d3 39. Qf2 d5 40. Rd2 Qe5 41. g3 h6 42. f4 Qa1+ 43. Kg2 d4 44. Qf1 Qc3 45. Qf2 Rc8 46. a4 Rxc6 47. bxc6 Qxc6+ 48. Kg1 Qxa4 49. Qg2 Re2 0-1